000 00971nas a2200313 4500
001 BR8001801
003 BR-BrBNA
005 20231205084248.0
007 ta
008 230509b bl.|||p| |||| 00| 00por d
040 _aBR-BrBNA
_bpor
_cBiblioteca Nacional de Agricultura
041 _a(Pt)
072 _aF00; H10
100 1 _aCastro, E. da M. de
100 1 _aLaca-Buendia, J.P. del C.
100 1 _aPurcino, A.A.C.
100 1 _aFerreira, L.
245 1 _aAlgodao [Pratica cultural; Variedade; Praga de planta; Gossypium hirsutum]
650 _aProducao vegetal
650 _aPraga de planta
650 _aAlgodao
650 _aInseto
650 _aDefensivo
650 _aControle quimico
650 _aPratica cultural
773 0 _tInforme Agropecuario - Empresa de Pesquisa Agropecuaria de Minas Gerais (Brazil)
_xISSN 0100-3364
_g(Aug 1980), v. 6(68) p. 34-39
_wBR8001801
909 _a202311
_bLúcia
_c55
_dLúcia Elande
942 _2AGRIS
_n0
_cANA
999 _c104114
_d104114